| 000 | 00767cam a2200253 4500 | ||
|---|---|---|---|
| 008 | 090401t1998 xxu||||| |||| 00| 0 eng d | ||
| 020 | _a0854068910 | ||
| 035 | _a(Sirsi) u86386 | ||
| 041 | _aeng | ||
| 050 | _a333.007 | ||
| 110 |
_aRoyal Institution of Chartered Surveyors _94900 |
||
| 245 | 2 | _aA guide to the recruitment and selection of graduate trainees. | |
| 260 |
_aLondon _bRICS _c1998 |
||
| 300 | _a9p. ; 30cm. | ||
| 350 | _a0 | ||
| 520 | _aProduced as part of a DfEE and RICS funded research project on Using Graduate Skills. | ||
| 650 | _aGRADUATE TRAINEES | ||
| 650 | _aRECRUITMENT | ||
| 690 | _aMANAGEMENT-BUSINESS MANAGEMENT-PROFESSIONAL PRACTICE | ||
| 700 | _aKennie, Tom | ||
| 700 | _aGreen, Mike | ||
| 942 | _n0 | ||
| 948 | _c26/05/1998 | ||
| 999 |
_c97133 _d97133 |
||